História de Portugal
Gespeichert in:
| 1. Verfasser: | |
|---|---|
| Weitere Verfasser: | |
| Format: | keine Angabe |
| Sprache: | Portugiesisch |
| Erschienen: |
Lisboa
Didáctica
[D.L. 1963]
|
| Ausgabe: | 4ª ed |
| Katalog: | MANES: Suchergebnis im Bibliothekskatalog |
| Schulbuchspezifische Eigenschaften: |
|
| Tags: |
Tag hinzufügen
Keine Tags, Fügen Sie den ersten Tag hinzu!
|
| Hinzugefügt zu: | 26.04.2016 |
| Geändert in: | 25.04.2025 |
MARC
| LEADER | 000000000a22000000004500 | ||
|---|---|---|---|
| 001 | 33502 | ||
| 003 | OSt | ||
| 005 | 20250425111647.0 | ||
| 008 | 160427s1963 po 00| 0 por d | ||
| 041 | |a por | ||
| 043 | |a Portugal | ||
| 561 | |5 pt-BNP |a Portugal. Biblioteca Nacional de Portugal |k MANES | ||
| 691 | |a SE | ||
| 100 | 1 | |a Henriques, Antonino |9 17299 | |
| 700 | 1 | |a Matoso, António G. |9 17214 | |
| 245 | 0 | 0 | |a História de Portugal |
| 250 | |a 4ª ed | ||
| 260 | 3 | |a Lisboa |b Didáctica |c [D.L. 1963] | |
| 300 | |a 216 p.; |c 24 cm | ||
| 690 | |a HI | ||
| 942 | |2 ddc |c BK | ||
| 546 | |a Portugal | ||
| 999 | |c 37340 |d 37340 | ||
| 999 | |c manes:37340 |d 37340 | ||